| 000 | 00544nam a22001817a 4500 | ||
|---|---|---|---|
| 003 | SISC | ||
| 005 | 20160322093600.0 | ||
| 008 | 130906t xxu||||| |||| 00| 0 eng d | ||
| 050 |
_aLB 1573 _b.W565 1973 |
||
| 082 |
_aHS 372 _bW57 1973 |
||
| 100 |
_aWheelock, Warren _916873 |
||
| 245 |
_aOut of sight and where it's at / _cWarren Wheelock, William D. Sheldon. |
||
| 260 |
_aBoston : _bAllyn and Bacon, Inc, _c1973. |
||
| 300 |
_a40 p. ; _bill. col. ; _c20 cm. |
||
| 700 |
_aSheldon, William D. _916874 |
||
| 942 |
_2lcc _cBK |
||
| 999 |
_c10523 _d10523 |
||